The intel microprocessors,8086 - 8088,80186 - 80188,80286,80386,80486,pentium and pentium pro processor architecture programing and interfacing (Record no. 583026)
[ view plain ]
| 000 -LEADER | |
|---|---|
| fixed length control field | 00740nam a22001937a 4500 |
| 003 - CONTROL NUMBER IDENTIFIER | |
| control field | CEME |
| 005 - DATE AND TIME OF LATEST TRANSACTION | |
| control field | 20210628210017.0 |
| 008 - FIXED-LENGTH DATA ELEMENTS--GENERAL INFORMATION | |
| fixed length control field | 210210b xxu||||| |||| 00| 0 eng d |
| 020 ## - INTERNATIONAL STANDARD BOOK NUMBER | |
| International Standard Book Number | 81-203-1220-1 |
| 040 ## - CATALOGING SOURCE | |
| Transcribing agency | . |
| 082 ## - DEWEY DECIMAL CLASSIFICATION NUMBER | |
| Classification number | 004.1 BRE |
| 100 ## - MAIN ENTRY--PERSONAL NAME | |
| Personal name | Brey, Barry.B |
| 9 (RLIN) | 54310 |
| 245 ## - TITLE STATEMENT | |
| Title | The intel microprocessors,8086 - 8088,80186 - 80188,80286,80386,80486,pentium and pentium pro processor architecture programing and interfacing |
| 250 ## - EDITION STATEMENT | |
| Edition statement | 4TH |
| 260 ## - PUBLICATION, DISTRIBUTION, ETC. | |
| Place of publication, distribution, etc. | NEW DELHI |
| Name of publisher, distributor, etc. | PRENTICE HALL |
| Date of publication, distribution, etc. | 2000 |
| 300 ## - PHYSICAL DESCRIPTION | |
| Extent | 900P |
| 650 ## - SUBJECT ADDED ENTRY--TOPICAL TERM | |
| Topical term or geographic name entry element | INTEL MICROPROCESSORS,8086 - 8088 INTEL MICROPROCESSORS,80186 - 80188,80286,80386,80486 INTEL MICROPROCESSORS-PENTIUM AND PENTIUM PRO PROCESSOR,PENTIUM AND PENTIUM PRO PROCESSOR |
| 9 (RLIN) | 77815 |
| 942 ## - ADDED ENTRY ELEMENTS (KOHA) | |
| Koha item type | Book |
| Source of classification or shelving scheme | |
| Withdrawn status | Lost status | Damaged status | Not for loan | Permanent Location | Current Location | Shelving location | Date acquired | Total Checkouts | Full call number | Barcode | Date last seen | Price effective from | Koha item type |
|---|---|---|---|---|---|---|---|---|---|---|---|---|---|
| College of Electrical & Mechanical Engineering (CEME) | College of Electrical & Mechanical Engineering (CEME) | General Stacks | 06/12/2017 | 004.1 BRE | CEME-33403 | 06/28/2021 | 06/28/2021 | Book |
